000 00650nam a2200241 4500
001 33471
010 _a9789720728661
021 _aPT
090 _a33471
100 _a20210412 frey50
101 _apor
200 _aO Rapaz e o Robô
_fLuísa Ducla Soares
_gRodrigo Folgueira
205 _a!.ª ed.
210 _aPorto
_bRua da Restauração, 365
_cPorto Editora
_d2016
215 _a79 p.
_d20 cm
225 _aEducação Literária
500 _aO Rapaz e o Robô
600 _aSoares
_bLuísa Ducla
700 _4070
_aSoares
_bLuísa Ducla
701 _4440
_aFolgueira
_bRodrigo
_93657
801 _aPT
_gRPC
990 _cLIVROS
994 _aCOMP